000 00536nam a2200181Ia 4500
005 20250508162516.0
008 008 250505s9999 xx 000 0 eng d
037 _aTextual
040 _aFEDL
_beng
_cFEDL
041 _aeng
_2eng
084 _a540, OUE
_qFEDL
100 _aQuellette Robert J
_9773323
245 0 _aIntroduction to general, organic and biological chemistry
260 _aNew York, USA
_bMacmillan Publishing Company
_c1984
300 _a703p.
942 _cTEXL
_h540, OUE
999 _c1376986
_d1376986